000 00397 a2200133 4500
245 _apopes of Avignon
_b : a century in exile
_hprint
020 _a9781933346151
700 _aMullins, Edwin B.
650 _aProgramming
005 20191017173710.0
260 _anyu
_bBlueBridge
_c2008
084 _aBX1300 .M86 2008
300 _ax, 246 p. : ill., maps
_b 22 cm.
_cx, 246 p. : ill., maps ; 22 cm.
500 _aEdwin Mullins.
999 _c10614
_d10614